Score 0/20 Timer 03:00
1 Play Today
Band Missing Word % Correct
The BeatlesLucy
95.5%
The BeatlesSun
91.9%
The BeatlesEleanor
88.9%
The BeatlesCar
88.1%
The KinksDay
85.1%
The KinksGot
79.1%
The WhoMiles
77.2%
The Rolling StonesDevil
75.1%
The BeatlesTogether
73.6%
The Rolling StonesWild
70.8%
Band Missing Word % Correct
The Rolling StonesGimme
68.3%
The WhoFooled
67%
The WhoBaba
64.1%
The Rolling StonesBreakdown
57.1%
The WhoGeneration
55.1%
The Rolling StonesDice
34.7%
The KinksWaterloo
31.4%
The KinksAfternoon
28.3%
The KinksRespected
22.8%
The WhoExplain
22%

Today's Daily Dose

Remove Ads.
Support Sporcle.
Get the best of Sporcle when you Go Orange. This ad-free experience offers more features, more stats, and more fun while also helping to support Sporcle. Thank you for becoming a member.

You're not logged in!

Compare scores with friends on all Sporcle quizzes.
OR
Log In

Show Comments

Extras

Top Quizzes Today


Score Distribution

Your Account Isn't Verified!

In order to create a playlist on Sporcle, you need to verify the email address you used during registration. Go to your Sporcle Settings to finish the process.

Report this User

Report this user for behavior that violates our Community Guidelines.

Details: